000 00303nam a2200097Ia 4500
008 220120s9999||||xx |||||||||||||| ||und||
100 _aMohanakshi, H.S and Poornima, M.M
_912362
245 0 _aJSP maker
260 _aCoorg Institute of Technology
_bPonnampet
_c2011
650 _aELECTRONICS AND COMMUNICATIONS
999 _c137948
_d137948